| 000 | 00000nam 2200000za 4500 |
| 001 | 9.644318 |
| 003 | CaOODSP |
| 005 | 20210624224603 |
| 007 | cr ||||||||||| |
| 008 | 150407m20102011oncda #o f000 0 fre d |
| 040 | |aCaOODSP|bfre |
| 043 | |an-cn--- |
| 086 | 1 |aR5-41/2010F-PDF |
| 110 | 1 |aCanada. |bAffaires indiennes et du Nord Canada. |bDirection générale de l'évaluation, de la mesure du rendement et de l'examen. |
| 245 | 10|aRapport final. Évaluation de la Politique d'intervention : |h[ressource électronique]|cDirection générale de l'évaluation, de la mesure du rendement et de l'examen. |
| 260 | |a[Ottawa] : |bAffaires indiennes et du Nord Canada, |c2010. |
| 300 | |a112 p. : |bill. |
| 500 | |aPubli. aussi en anglais sous le titre : Final report. Evaluation of the Intervention Policy. |
| 500 | |aVersion mise à jour inclut : Compte rendu sur l'état de la mise en oeuvre du plan d'action, rapport au Comité d'évaluation, de mesure du rendement et d'examen en date du 30 septembre 2011. |
| 590 | |a15-03-Supp|b2015-03-13 |
| 691 | 07|aGouvernement autochtone|2gcpds |
| 691 | 07|aPrêt non remboursé|2gcpds |
| 775 | 08|tFinal report. Evaluation of the Intervention Policy |w(CaOODSP)9.700430 |
| 856 | 40|ahttp://publications.gc.ca|qPDF|s536 Ko|uhttps://publications.gc.ca/collections/collection_2015/aadnc-aandc/R5-41-2010-fra.pdf |
| 856 | 40|qPDF|s49 Ko|uhttps://publications.gc.ca/collections/collection_2016/aanc-inac/R5-41-2011-fra.pdf |
| 986 | |aProjet no 09082 |